LDR 00901naa#a2200169#i#450# 001 RU\\bibl\103290 005 20260516102106.6 011 ## _a2071-7318 100 ## _a20260508b2026####ek#y0rusy0150####ca 102 ## _aRU 200 1# _aВлияние хладагента на эксплуатационные показатели воздушного теплового насоса приточно-вытяжной вентиляционной установки _eЖурнальная статья 210 1# _aБелгород _cБелгородский государственный технологический университет им. В.Г. Шухова _d2026 215 ## _a11 с. 608 ## _aЖурнальная статья _2local 675 ## _aПовышение температуры (нагрев) приточного воздуха. 697.978 _z 700 #1 _aПетров _gМ. М. 856 4# _anaukaru.ru _u